| 000 | 00801nam a2200229 a 4500 | ||
|---|---|---|---|
| 005 | 20140310183612.0 | ||
| 008 | 120901s19uu xx 00 eng d | ||
| 020 | _a9780313391859 | ||
| 050 |
_aHG 177.5.U6 _b.M556 2011 |
||
| 100 | _aMiner, Jeremy T. | ||
| 245 |
_aCollaborative grantseeking : _ba guide to designing projects, leading partners, and persuading sponsors. |
||
| 260 |
_aSanta Barbara, California : _bGreenwood, _c2011. |
||
| 300 |
_axi, 215 p. : _bill. ; _c28 cm. |
||
| 500 | _aIncludes bibliographical references and index. | ||
| 650 |
_aProposal writing for grants _zUnited States |
||
| 650 |
_aEndowments _xUnited States |
||
| 650 |
_aFund raising _xTeamwork _xUnited States |
||
| 700 | _aMiner, Lynn E. | ||
| 700 | _aGriffith, Jerry | ||
| 942 |
_cBK _2lcc _kFOR |
||
| 999 |
_c25264 _d25264 |
||